000 00488nam a2200169 i 4500
001 50727
003 ES-MaACL
005 20230906162229.0
007 t|
008 030806s1934 sp ||||1| spa d
100 1 _aCuello Calón, Eugenio.
_941986
245 1 0 _aCriminalidad infantil y juvenil /
_cEugenio Cuello Calón.
260 _aBarcelona :
_bBosch,
_c1934 (
_fImp. Clarasó)
300 _a286 p. ;
_c22 cm.
650 0 4 _aDelincuencia juvenil.
_9135872
852 _aES-MaACL
_jA-2828
999 _c50727
_d50727